000 00736nam a2200181 a 4500
003 0
005 20250509145218.0
008 970101s19uu xx 00 eng d
050 _aPHS HD 7160
_b.S43 2004
100 _aSebastain, Dan Patrick D.
245 _aA Study on SSS members' satisfaction on SSS benefits and services in banks in San Jose, Occidental Mindoro /
_cDan Patrick D. Sebastian.
260 _aLas PiƱas City, Philippines :
_bSouthville International School and Colleges,
_c2004.
300 _a33 pages :
_billustrations ;
_c28 cm.
504 _aIncludes bibliographical references.
650 _aSocial security
_zPhilippines
_xEvaluation.
650 _aSocial security
_zPhilippines
_xPublic opinion.
942 _2lcc
_cPASS
999 _c97156
_d97156